000 00420cam a22001217a 4500
008 180718b1988 xxu||||| |||| 00| 0 eng d
082 _aB136x5441 Sh13s CRS
100 _aShah, J.M.
245 _aSome aspects of micro level planning for rural development: a study of prantijtabka ( Gujarat state )
_cby J.M. Shah
260 _aAhmedabad
_bHamanshu
_c1988
300 _a205p.
650 _aRural development - India - Gujarat
999 _c354109
_d354109